000 00319nam a22001337a 4500
020 _a0-00-692520-0
082 _a823
_bKEE/N
100 _aKEENE, CAROLYN
245 _aNANCY DREW
_bTHE CLUE IN THE OLD STAGECOACH
260 _aLONDON
_bARMADA
_c1991
300 _a160
650 _aSTORY BOOK
_zUNITED KINGDOM
942 _cBK
999 _c3418
_d3418